| 000 | 00501nmm a2200145 a 4500 | ||
|---|---|---|---|
| 999 |
_c5948 _d5948 |
||
| 020 | _a0071165967(Paperback) | ||
| 082 | _a005.133TOC | ||
| 100 | 1 | _aMata-Toledo, Ramon. | |
| 245 | 1 | 0 | _aSchaum's Outline of Introduction to Computer Science |
| 260 |
_aNew Delhi _bMcGraw-Hill, _c2000. |
||
| 300 | _aVIII,296p | ||
| 650 |
_aComputer science _aComputer science--Study and teaching _aElectronic digital computers |
||
| 856 | 4 | 0 | _uhttp://www.amazon.com/exec/obidos/ASIN/B000WETJN8/chopaconline-20 |
| 942 | _cBK | ||